| 000 | 02608nam a2200313 a 4500 | ||
|---|---|---|---|
| 001 | |||
| 003 | DO-SdBNP | ||
| 005 | 20221005111044.0 | ||
| 008 | 090721s2004 dr 001 0 spa d | ||
| 020 | _a9993423688 | ||
| 040 |
_aDO-SdBNP _bspa _cBPMSU |
||
| 082 |
_a301.7293 _bL318d 2004 _222 |
||
| 100 | 1 | _aLara, Erasmo | |
| 245 | 1 | 0 |
_aDiálogo sobre el futuro dominicano / _cErasmo Lara en diálogo con José Alcántara Almanzar ... [et al.] ; prólogo Rubén Silié. |
| 260 |
_aSanto Domingo : _bFLACSO, _c2004. |
||
| 300 |
_a290 p. ; _a23 cm. |
||
| 504 | _aBibliografía: p.273-280. | ||
| 505 | 0 | _aPrólogo 11 -- Introducción 13 -- Cultura y desarrollo en la formación de lo dominicano 25 -- ¿Es determinante la cultura para el progreso social, económico y político? 28 -- Variabilidad cultural. ¿Qué utilizamos para definir una cultura? 31 -- Significado del tiempo 45 -- La comunicación social 47 -- Los procesos de socialización y los valores 49 -- Globalización y nosotros. ¿Cómo nos aproximamos a la misma? 56 -- Lo multicultural en nosotros 62 -- La homosexualidad como expresión de lo multicultural 65 -- ¿Discriminación racial entre nosotros? 67 -- ¿El individuo o la colectividad? 71 -- Democracia : ¿Podemos o no podemos? 74 -- Juventud divino tesoro 79 -- La familia y la mujer 88 -- Educación y progreso 91 -- Sistema judicial justo y eficiente. ¿Por qué es necesario? 98 -- Medios de comunicación, ¿en qué contribuyen? 102 -- Las iglesias : ¿ecuménicas o separadas? 105 -- El trabajo : ¿castigo o don divino? 109 -- La violencia estructural 114 -- Calidad de vida y sociedad 120 -- Métodos alternativos de resolución de conflictos: ¿si existen, por qué usar la violencia? 124 -- José Alcántara Almánzar 137 -- Ramonina Brea 149 -- Roberto Cassá 159 -- Jorge Cela 169 -- Orlando Haza 179 -- Telésforo Isaac 187 -- Antonio Lluberes 195 -- Andrés L. Mateo 207 -- Frank Moya Pons 219 -- Mu-Kien Sang Ben 229 -- Zoraida Vda. Suncar 237 -- Marcio Veloz Maggiolo 245 -- Josefina Zaiter 259 -- Bibliografía 273 -- El autor y sus invitados 281 -- Colofón 283. | |
| 590 | _aInventariado, 2022/VM | ||
| 650 | 4 |
_aPotencial de crecimiento _zRepública Dominicana |
|
| 650 | 4 |
_aDesarrollo económico y social _xEntrevistas |
|
| 650 | 4 |
_aIdentidad cultural _zRepública Dominicana _xEntrevistas |
|
| 651 | 4 |
_aRepública Dominicana _xCondiciones sociales |
|
| 651 | 4 |
_aRepública Dominicana _xNacionalismo Y Cultura _xEntrevistas |
|
| 700 |
_aSilié, Rubén _d1946- _epról. |
||
| 710 | 2 | _aFLACSO(República Dominicana) | |
| 910 | _aVMateo V./Validado. | ||
| 942 |
_2ddc _cBK |
||
| 999 |
_c14295 _d14295 |
||